Indias slow ride into the global market (Record no. 61123)

MARC details
000 -LEADER
fixed length control field 00381nam a2200157Ia 4500
100 ## - MAIN ENTRY--AUTHOR NAME
Personal name Ravindran D
245 #0 - TITLE STATEMENT
Title Indias slow ride into the global market
260 ## - PUBLICATION, DISTRIBUTION, ETC. (IMPRINT)
Name of publisher Rubber Asia
Year of publication 2002
300 ## - PHYSICAL DESCRIPTION
Number of Pages 123-129
650 ## - SUBJECT ADDED ENTRY--TOPICAL TERM
Topical Term Global market
650 ## - SUBJECT ADDED ENTRY--TOPICAL TERM
Topical Term Globalization
650 ## - SUBJECT ADDED ENTRY--TOPICAL TERM
Topical Term India
650 ## - SUBJECT ADDED ENTRY--TOPICAL TERM
Topical Term Tyre industry
942 ## - ADDED ENTRY ELEMENTS (KOHA)
Koha item type Journals
Holdings
Withdrawn status Lost status Damaged status Not for loan Home library Current library Shelving location Date acquired Serial Enumeration / chronology Koha item type
      Journals RRII Library RRII Library Agricultural economics 01/01/2021 Volume 16, Issue 1 Journals